MARC details
| 000 -LEADER |
| fixed length control field |
03734cas a2200829 a 4500 |
| 001 - CONTROL NUMBER |
| control field |
11300444 |
| 003 - CONTROL NUMBER IDENTIFIER |
| control field |
OSt |
| 005 - DATE AND TIME OF LATEST TRANSACTION |
| control field |
20240305130754.0 |
| 008 - FIXED-LENGTH DATA ELEMENTS--GENERAL INFORMATION |
| fixed length control field |
751101d19691994nyu x p s i0 0eng c |
| 010 ## - LIBRARY OF CONGRESS CONTROL NUMBER |
| LC control number |
85645327 |
| 016 ## - NATIONAL BIBLIOGRAPHIC AGENCY CONTROL NUMBER |
| Record control number |
(AMICUS)000000745646 |
| 016 7# - NATIONAL BIBLIOGRAPHIC AGENCY CONTROL NUMBER |
| Record control number |
01004423X |
| Source |
DE-101 |
| 016 7# - NATIONAL BIBLIOGRAPHIC AGENCY CONTROL NUMBER |
| Record control number |
3017-X |
| Source |
DE-600 |
| 016 7# - NATIONAL BIBLIOGRAPHIC AGENCY CONTROL NUMBER |
| Record control number |
000266610 |
| Source |
IsJJNL |
| 016 7# - NATIONAL BIBLIOGRAPHIC AGENCY CONTROL NUMBER |
| Record control number |
010489068 |
| Source |
Uk |
| 022 ## - INTERNATIONAL STANDARD SERIAL NUMBER |
| International Standard Serial Number |
0085-2392 |
| ISSN-L |
0085-2392 |
| 035 ## - SYSTEM CONTROL NUMBER |
| System control number |
(OCoLC)ocm01754535 |
| 037 ## - SOURCE OF ACQUISITION |
| Source of stock number/acquisition |
Publishing Division, United Nations, New York, N.Y. 10017 |
| 040 ## - CATALOGING SOURCE |
| Original cataloging agency |
MUL |
| Language of cataloging |
eng |
| Transcribing agency |
MUL |
| Modifying agency |
COO |
| -- |
PIT |
| -- |
AIP |
| -- |
DLC |
| -- |
HUL |
| -- |
NST |
| -- |
DLC |
| -- |
EYM |
| -- |
IUL |
| -- |
SYS |
| -- |
CGU |
| -- |
OCLCQ |
| -- |
CRU |
| -- |
OCLCQ |
| -- |
HEBIS |
| -- |
GBVCP |
| -- |
UKMGB |
| -- |
OCLCQ |
| -- |
OCLCF |
| -- |
OCLCO |
| -- |
NLC |
| -- |
OCLCQ |
| -- |
GZM |
| -- |
J9U |
| -- |
BEDGE |
| -- |
TULIB |
| -- |
PAU |
| -- |
IL4J6 |
| -- |
OCLCO |
| -- |
OCLCQ |
| -- |
OCLCO |
| 042 ## - AUTHENTICATION CODE |
| Authentication code |
pcc |
| 043 ## - GEOGRAPHIC AREA CODE |
| Geographic area code |
d------ |
| 050 00 - LIBRARY OF CONGRESS CALL NUMBER |
| Classification number |
HC59 |
| Item number |
.J633 |
| 050 14 - LIBRARY OF CONGRESS CALL NUMBER |
| Classification number |
HB1 |
| Item number |
.J64 |
| 082 00 - DEWEY DECIMAL CLASSIFICATION NUMBER |
| Classification number |
338.9/005 |
| Edition number |
Part I |
| 210 0# - ABBREVIATED TITLE |
| Abbreviated title |
J. dev. plann. |
| 222 #0 - KEY TITLE |
| Key title |
Journal of development planning |
| 245 00 - TITLE STATEMENT |
| Title |
Journal of development planning / |
| Statement of responsibility, etc. |
Department of Economic and Social Affairs. |
| Remainder of title |
Implications Of The Single European Act For Non-Member Countries |
| 260 ## - PUBLICATION, DISTRIBUTION, ETC. (IMPRINT) |
| Place of publication, distribution, etc. |
New York : |
| Name of publisher, distributor, etc. |
United Nations, |
| Date of publication, distribution, etc. |
1992 |
| 300 ## - PHYSICAL DESCRIPTION |
| Extent |
volumes : |
| Other physical details |
illustrations ; |
| Dimensions |
23 cm |
| 310 ## - CURRENT PUBLICATION FREQUENCY |
| Current publication frequency |
Irregular |
| 336 ## - CONTENT TYPE |
| Content type term |
text |
| Content type code |
txt |
| Source |
rdacontent |
| 337 ## - MEDIA TYPE |
| Media type term |
unmediated |
| Media type code |
n |
| Source |
rdamedia |
| 338 ## - CARRIER TYPE |
| Carrier type term |
volume |
| Carrier type code |
nc |
| Source |
rdacarrier |
| 362 0# - DATES OF PUBLICATION AND/OR SEQUENTIAL DESIGNATION |
| Dates of publication and/or sequential designation |
No. 1- |
| 362 1# - DATES OF PUBLICATION AND/OR SEQUENTIAL DESIGNATION |
| Dates of publication and/or sequential designation |
Ceased with no. 24, published in 1994. |
| Source of information |
Cf. Notice from Blackwell's bk. Services. |
| 500 ## - GENERAL NOTE |
| General note |
Issues for <1984 -> also have distinctive titles. |
| 515 ## - NUMBERING PECULIARITIES NOTE |
| Numbering peculiarities note |
Issued with United Nations publications sales numbers. |
| 550 ## - ISSUING BODY NOTE |
| Issuing body note |
Issued by: Dept. of Economic and Social Affairs, 1969-1977; by: Dept. of Economic and Social Affairs, 1978- |
| 550 ## - ISSUING BODY NOTE |
| Issuing body note |
Published as part of the work program of the Centre for Development Planning, Projections and Policies. |
| 580 ## - LINKING ENTRY COMPLEXITY NOTE |
| Linking entry complexity note |
Issued also in French as: Journal de la planification et du développement. |
| 588 1# - SOURCE OF DESCRIPTION NOTE |
| Source of description note |
No. 21 (1992). |
| 590 ## - LOCAL NOTE (RLIN) |
| Local note |
SERBIB/SERLOC merged record |
| 648 #7 - SUBJECT ADDED ENTRY--CHRONOLOGICAL TERM |
| Chronological term |
Since 1971 |
| Source of heading or term |
fast |
| 650 #0 - SUBJECT ADDED ENTRY--TOPICAL TERM |
| Topical term or geographic name as entry element |
Economic history |
| Chronological subdivision |
1971-1990 |
| Form subdivision |
Statistics |
| -- |
Periodicals. |
| 650 #0 - SUBJECT ADDED ENTRY--TOPICAL TERM |
| Topical term or geographic name as entry element |
Economic history |
| Chronological subdivision |
1990- |
| Form subdivision |
Statistics |
| -- |
Periodicals. |
| 650 #0 - SUBJECT ADDED ENTRY--TOPICAL TERM |
| Topical term or geographic name as entry element |
Economic development |
| Form subdivision |
Statistics |
| -- |
Periodicals. |
| 650 #7 - SUBJECT ADDED ENTRY--TOPICAL TERM |
| Topical term or geographic name as entry element |
Planification du développement. |
| Source of heading or term |
eclas |
| 650 #7 - SUBJECT ADDED ENTRY--TOPICAL TERM |
| Topical term or geographic name as entry element |
Annuaires. |
| Source of heading or term |
eclas |
| 650 #7 - SUBJECT ADDED ENTRY--TOPICAL TERM |
| Topical term or geographic name as entry element |
Economic development. |
| Source of heading or term |
fast |
| Authority record control number |
(OCoLC)fst00901785 |
| 650 #7 - SUBJECT ADDED ENTRY--TOPICAL TERM |
| Topical term or geographic name as entry element |
Economic history. |
| Source of heading or term |
fast |
| Authority record control number |
(OCoLC)fst00901974 |
| 650 #7 - SUBJECT ADDED ENTRY--TOPICAL TERM |
| Topical term or geographic name as entry element |
Economic policy. |
| Source of heading or term |
fast |
| Authority record control number |
(OCoLC)fst00902025 |
| 650 #7 - SUBJECT ADDED ENTRY--TOPICAL TERM |
| Topical term or geographic name as entry element |
Economic planning |
| General subdivision |
Periodicals. |
| Source of heading or term |
ltcsh |
| 650 #7 - SUBJECT ADDED ENTRY--TOPICAL TERM |
| Topical term or geographic name as entry element |
Economic history |
| Chronological subdivision |
1971-1990 |
| Form subdivision |
Periodicals. |
| Source of heading or term |
nli |
| 650 #7 - SUBJECT ADDED ENTRY--TOPICAL TERM |
| Topical term or geographic name as entry element |
Economic history |
| Chronological subdivision |
1990- |
| Form subdivision |
Periodicals. |
| Source of heading or term |
nli |
| 650 #7 - SUBJECT ADDED ENTRY--TOPICAL TERM |
| Topical term or geographic name as entry element |
Economic development |
| Form subdivision |
Periodicals. |
| Source of heading or term |
nli |
| 651 #0 - SUBJECT ADDED ENTRY--GEOGRAPHIC NAME |
| Geographic name |
Developing countries |
| General subdivision |
Economic policy |
| Form subdivision |
Statistics. |
| 651 #7 - SUBJECT ADDED ENTRY--GEOGRAPHIC NAME |
| Geographic name |
Developing countries. |
| Source of heading or term |
fast |
| Authority record control number |
(OCoLC)fst01242969 |
| 651 #7 - SUBJECT ADDED ENTRY--GEOGRAPHIC NAME |
| Geographic name |
Developing countries |
| General subdivision |
Economic policy |
| Form subdivision |
Periodicals. |
| Source of heading or term |
nli |
| 655 #7 - INDEX TERM--GENRE/FORM |
| Genre/form data or focus term |
Periodicals. |
| Source of term |
fast |
| Authority record control number |
(OCoLC)fst01411641 |
| 655 #7 - INDEX TERM--GENRE/FORM |
| Genre/form data or focus term |
Statistics. |
| Source of term |
fast |
| Authority record control number |
(OCoLC)fst01423727 |
| 655 #7 - INDEX TERM--GENRE/FORM |
| Genre/form data or focus term |
Periodicals. |
| Source of term |
lcgft |
| 710 2# - ADDED ENTRY--CORPORATE NAME |
| Corporate name or jurisdiction name as entry element |
United Nations. |
| Subordinate unit |
Department of International Economic and Social Affairs. |
| 710 2# - ADDED ENTRY--CORPORATE NAME |
| Corporate name or jurisdiction name as entry element |
United Nations. |
| Subordinate unit |
Centre for Development Planning, Projections, and Policies. |
| 710 2# - ADDED ENTRY--CORPORATE NAME |
| Corporate name or jurisdiction name as entry element |
United Nations. |
| Subordinate unit |
Department of Economic and Social Affairs. |
| 775 1# - OTHER EDITION ENTRY |
| Title |
Journal de la planification et du développement |
| International Standard Serial Number |
0251-3684 |
| 776 08 - ADDITIONAL PHYSICAL FORM ENTRY |
| Relationship information |
Online version: |
| Title |
Journal of development planning |
| Record control number |
(OCoLC)794874340 |
| 906 ## - LOCAL DATA ELEMENT F, LDF (RLIN) |
| a |
7 |
| b |
cbc |
| c |
serials |
| d |
2 |
| e |
ncip |
| f |
19 |
| g |
n-oclcserc |
| 942 ## - ADDED ENTRY ELEMENTS (KOHA) |
| Source of classification or shelving scheme |
Dewey Decimal Classification |
| Koha item type |
Books |